{"text_format":"3","workbook":"xlsx","n_sheets":1,"sheets":["t48"],"read":"whole","date_system":"1900"}

{"sheet":"t48","index":0,"n_rows":252,"n_cols":7,"rows_kept":252,"merged":[[0,0,0,6],[28,0,28,5],[48,0,48,5],[163,0,163,5]]}
["TABELA 48.1 - Estatísticas Agrícolas, Município de Atibaia, Estado de São Paulo, 2016/17."]
["ITEM","UNIDADE","N.DE UPAs","MÍNIMO","MÉDIO","MÁXIMO","TOTAL"]
["Distância à sede do município","km",895,{"v":1,"d":"1.0"},{"v":13.35,"d":"13.4"},{"v":30,"d":"30.0"},"-"]
["Área total","hectare",895,0.2,{"v":28,"d":"28.0"},{"v":576,"d":"576.0"},{"v":25055.58,"d":"25,055.6"}]
["Área com cultura perene","hectare",190,0.1,2.5,{"v":43,"d":"43.0"},474.6]
["Área com cultura temporária","hectare",554,0.1,{"v":5.49,"d":"5.5"},171.5,{"v":3042.1,"d":"3,042.1"}]
["Área com pastagem","hectare",485,0.4,{"v":22.51,"d":"22.5"},{"v":419,"d":"419.0"},{"v":10917.7,"d":"10,917.7"}]
["Área com reflorestamento","hectare",160,0.1,{"v":15.63,"d":"15.6"},{"v":200,"d":"200.0"},{"v":2501,"d":"2,501.0"}]
["Área com vegetação natural","hectare",706,0.1,{"v":7.54,"d":"7.5"},288.4,{"v":5326.16,"d":"5,326.2"}]
["Área com vegetação de brejo e várzea","hectare",263,0.1,{"v":1.53,"d":"1.5"},{"v":40,"d":"40.0"},403.5]
["Área em descanso","hectare",227,0.2,{"v":3.45,"d":"3.5"},{"v":150,"d":"150.0"},783.1]
["Área complementar","hectare",874,0.1,{"v":1.84,"d":"1.8"},{"v":40,"d":"40.0"},{"v":1607.42,"d":"1,607.4"}]
["Área das UPAs com (0, 1] ha","hectare",3,0.2,0.7,{"v":1,"d":"1.0"},2.1]
["Área das UPAs com (1, 2] ha","hectare",33,1.1,{"v":1.68,"d":"1.7"},{"v":2,"d":"2.0"},55.3]
["Área das UPAs com (2, 5] ha","hectare",154,2.1,{"v":3.69,"d":"3.7"},{"v":5,"d":"5.0"},567.8]
["Área das UPAs com (5, 10] ha","hectare",232,5.1,{"v":7.57,"d":"7.6"},{"v":10,"d":"10.0"},{"v":1755.6,"d":"1,755.6"}]
["Área das UPAs com (10, 20] ha","hectare",204,10.1,14.5,{"v":20,"d":"20.0"},{"v":2959,"d":"2,959.0"}]
["Área das UPAs com (20, 50] ha","hectare",161,20.3,{"v":32.41,"d":"32.4"},{"v":50,"d":"50.0"},{"v":5217.8,"d":"5,217.8"}]
["Área das UPAs com (50, 100] ha","hectare",62,50.8,{"v":68.81,"d":"68.8"},{"v":100,"d":"100.0"},{"v":4266.18,"d":"4,266.2"}]
["Área das UPAs com (100, 200] ha","hectare",26,101.6,{"v":138.12,"d":"138.1"},{"v":194,"d":"194.0"},{"v":3591.2,"d":"3,591.2"}]
["Área das UPAs com (200, 500] ha","hectare",18,{"v":201,"d":"201.0"},{"v":307.77,"d":"307.8"},{"v":460,"d":"460.0"},{"v":5539.9,"d":"5,539.9"}]
["Área das UPAs com (500, 1.000] ha","hectare",2,524.7,{"v":550.35,"d":"550.4"},{"v":576,"d":"576.0"},{"v":1100.7,"d":"1,100.7"}]
["Área das UPAs com (1.000, 2.000] ha","hectare","-","-","-","-","-"]
["Área das UPAs com (2.000, 5.000] ha","hectare","-","-","-","-","-"]
["Área das UPAs com (5.000, 10.000] ha","hectare","-","-","-","-","-"]
["Área das UPAs acima de 10.000 ha","hectare","-","-","-","-","-"]
["Fonte: Secretaria de Agricultura e Abastecimento, CDRS/IEA, Projeto LUPA."]
[]
["TABELA 48.2 - Explorações Animais, Município de Atibaia, Estado de São Paulo, 2016/17."]
["ITEM","UNIDADE","N.DE UPAs","MÍNIMO","MÉDIO","MÁXIMO","TOTAL"]
["Apicultura","colmeias",11,{"v":2,"d":"2.0"},{"v":22.45,"d":"22.5"},{"v":80,"d":"80.0"},{"v":247,"d":"247.0"}]
["Asininos e muares","cabecas",19,{"v":1,"d":"1.0"},{"v":2.11,"d":"2.1"},{"v":19,"d":"19.0"},{"v":40,"d":"40.0"}]
["Avicultura de corte","cabecas/ano",6,{"v":3000,"d":"3,000.0"},{"v":39083.33,"d":"39,083.3"},{"v":76500,"d":"76,500.0"},{"v":234500,"d":"234,500.0"}]
["Avicultura ornamental/decorativa/exotica","cabecas",2,{"v":7000,"d":"7,000.0"},{"v":7100,"d":"7,100.0"},{"v":7200,"d":"7,200.0"},{"v":14200,"d":"14,200.0"}]
["Avicultura para ovos","cabecas",24,{"v":10,"d":"10.0"},{"v":457.08,"d":"457.1"},{"v":5000,"d":"5,000.0"},{"v":10970,"d":"10,970.0"}]
["Bovinocultura de corte","cabecas",117,{"v":5,"d":"5.0"},{"v":60.02,"d":"60.0"},{"v":350,"d":"350.0"},{"v":7022,"d":"7,022.0"}]
["Bovinocultura leiteira","cabecas",116,{"v":1,"d":"1.0"},{"v":21.41,"d":"21.4"},{"v":240,"d":"240.0"},{"v":2484,"d":"2,484.0"}]
["Bovinocultura mista","cabecas",79,{"v":1,"d":"1.0"},{"v":24.73,"d":"24.7"},{"v":200,"d":"200.0"},{"v":1954,"d":"1,954.0"}]
["Bubalinocultura","cabecas",4,{"v":2,"d":"2.0"},{"v":23,"d":"23.0"},{"v":60,"d":"60.0"},{"v":92,"d":"92.0"}]
["Caprinocultura","cabecas",6,{"v":5,"d":"5.0"},46.5,{"v":150,"d":"150.0"},{"v":279,"d":"279.0"}]
["Equinocultura","cabecas",217,{"v":1,"d":"1.0"},{"v":7.29,"d":"7.3"},{"v":60,"d":"60.0"},{"v":1582,"d":"1,582.0"}]
["Helicicultura","viveiros",1,{"v":1,"d":"1.0"},{"v":1,"d":"1.0"},{"v":1,"d":"1.0"},{"v":1,"d":"1.0"}]
["Minhocultura","canteiros",3,{"v":5,"d":"5.0"},{"v":10,"d":"10.0"},{"v":15,"d":"15.0"},{"v":30,"d":"30.0"}]
["Ovinocultura","cabecas",34,{"v":2,"d":"2.0"},{"v":27.68,"d":"27.7"},{"v":140,"d":"140.0"},{"v":941,"d":"941.0"}]
["Piscicultura","m2 tanques",13,{"v":300,"d":"300.0"},{"v":12223.08,"d":"12,223.1"},{"v":47000,"d":"47,000.0"},{"v":158900,"d":"158,900.0"}]
["Suinocultura","cabecas",33,{"v":1,"d":"1.0"},{"v":13.24,"d":"13.2"},{"v":100,"d":"100.0"},{"v":437,"d":"437.0"}]
["Fonte: Secretaria de Agricultura e Abastecimento, CDRS/IEA, Projeto LUPA."]
[]
["TABELA 48.3 -  Máquinas, Implementos e Benfeitorias, Município de Atibaia, Estado de São Paulo, 2016/17."]
["ITEM","UNIDADE","N.DE UPAs","MÍNIMO","MÉDIO","MÁXIMO","TOTAL"]
["Arado comum (bacia, aiveca)","unidade",337,{"v":1,"d":"1.0"},{"v":1.13,"d":"1.1"},{"v":6,"d":"6.0"},{"v":380,"d":"380.0"}]
["Arado escarificador","unidade",10,{"v":1,"d":"1.0"},{"v":1,"d":"1.0"},{"v":1,"d":"1.0"},{"v":10,"d":"10.0"}]
["Arado subsolador","unidade",123,{"v":1,"d":"1.0"},{"v":1.14,"d":"1.1"},{"v":6,"d":"6.0"},{"v":140,"d":"140.0"}]
["Camara fria","unidade",75,{"v":1,"d":"1.0"},{"v":1.43,"d":"1.4"},{"v":4,"d":"4.0"},{"v":107,"d":"107.0"}]
["Carreta de trator","unidade",354,{"v":1,"d":"1.0"},1.5,{"v":10,"d":"10.0"},{"v":531,"d":"531.0"}]
["Colhedeira acoplada","unidade",12,{"v":1,"d":"1.0"},{"v":1.25,"d":"1.3"},{"v":3,"d":"3.0"},{"v":15,"d":"15.0"}]
["Colhedeira automotriz","unidade",4,{"v":1,"d":"1.0"},{"v":1,"d":"1.0"},{"v":1,"d":"1.0"},{"v":4,"d":"4.0"}]
["Computador","unidade",79,{"v":1,"d":"1.0"},{"v":1.37,"d":"1.4"},{"v":5,"d":"5.0"},{"v":108,"d":"108.0"}]
["Conj.irrigacao convencional","unidade",227,{"v":1,"d":"1.0"},{"v":1.26,"d":"1.3"},{"v":12,"d":"12.0"},{"v":287,"d":"287.0"}]
["Conj.irrigacao/gotejamento/microaspersao","unidade",188,{"v":1,"d":"1.0"},{"v":1.74,"d":"1.7"},{"v":20,"d":"20.0"},{"v":328,"d":"328.0"}]
["Conjunto de fenacao","unidade",11,{"v":1,"d":"1.0"},{"v":1.09,"d":"1.1"},{"v":2,"d":"2.0"},{"v":12,"d":"12.0"}]
["Desintegrador de palha (plantio direto)","unidade",5,{"v":1,"d":"1.0"},1.4,{"v":2,"d":"2.0"},{"v":7,"d":"7.0"}]
["Desintegrador, picador, triturador","unidade",91,{"v":1,"d":"1.0"},{"v":1.16,"d":"1.2"},{"v":4,"d":"4.0"},{"v":106,"d":"106.0"}]
["Distribuidor de calcario","unidade",33,{"v":1,"d":"1.0"},{"v":1.09,"d":"1.1"},{"v":2,"d":"2.0"},{"v":36,"d":"36.0"}]
["Ensiladeira","unidade",18,{"v":1,"d":"1.0"},{"v":1.11,"d":"1.1"},{"v":2,"d":"2.0"},{"v":20,"d":"20.0"}]
["Grade aradora (tipo romi)","unidade",37,{"v":1,"d":"1.0"},{"v":1.08,"d":"1.1"},{"v":2,"d":"2.0"},{"v":40,"d":"40.0"}]
["Grade niveladora","unidade",283,{"v":1,"d":"1.0"},{"v":1.06,"d":"1.1"},{"v":3,"d":"3.0"},{"v":301,"d":"301.0"}]
["Implementos para tracao animal","unidade",8,{"v":1,"d":"1.0"},{"v":1.75,"d":"1.8"},{"v":4,"d":"4.0"},{"v":14,"d":"14.0"}]
["Máquina de classificar frutas","unidade",10,{"v":1,"d":"1.0"},1.2,{"v":2,"d":"2.0"},{"v":12,"d":"12.0"}]
["Máquina de minimamente processsados","unidade",1,{"v":1,"d":"1.0"},{"v":1,"d":"1.0"},{"v":1,"d":"1.0"},{"v":1,"d":"1.0"}]
["Misturador de racao","unidade",6,{"v":1,"d":"1.0"},{"v":1,"d":"1.0"},{"v":1,"d":"1.0"},{"v":6,"d":"6.0"}]
["Mmicrotrator","unidade",159,{"v":1,"d":"1.0"},{"v":1.14,"d":"1.1"},{"v":3,"d":"3.0"},{"v":181,"d":"181.0"}]
["Ordenhadeira mecanica","unidade",13,{"v":1,"d":"1.0"},{"v":1,"d":"1.0"},{"v":1,"d":"1.0"},{"v":13,"d":"13.0"}]
["Pulverizador tratorizado","unidade",109,{"v":1,"d":"1.0"},{"v":1.34,"d":"1.3"},{"v":8,"d":"8.0"},{"v":146,"d":"146.0"}]
["Resfriador de leite, tanque expansao","unidade",10,{"v":1,"d":"1.0"},1.2,{"v":2,"d":"2.0"},{"v":12,"d":"12.0"}]
["Retroescavadeira","unidade",13,{"v":1,"d":"1.0"},{"v":1,"d":"1.0"},{"v":1,"d":"1.0"},{"v":13,"d":"13.0"}]
["Roçadeira costal","unidade",90,{"v":1,"d":"1.0"},1.4,{"v":5,"d":"5.0"},{"v":126,"d":"126.0"}]
["Roçadeira tratorizada","unidade",185,{"v":1,"d":"1.0"},{"v":1.06,"d":"1.1"},{"v":3,"d":"3.0"},{"v":196,"d":"196.0"}]
["Roçadora","unidade",22,{"v":1,"d":"1.0"},{"v":1.23,"d":"1.2"},{"v":3,"d":"3.0"},{"v":27,"d":"27.0"}]
["Semeadeira/adubadeira para plantio convencional","unidade",15,{"v":1,"d":"1.0"},1.2,{"v":2,"d":"2.0"},{"v":18,"d":"18.0"}]
["Semeadeira/plantadeira plantio direto","unidade",10,{"v":1,"d":"1.0"},{"v":1,"d":"1.0"},{"v":1,"d":"1.0"},{"v":10,"d":"10.0"}]
["Trator de pneus  acima de 85 cv","unidade",16,{"v":1,"d":"1.0"},1.5,{"v":3,"d":"3.0"},{"v":24,"d":"24.0"}]
["Trator de pneus até 65 cv","unidade",397,{"v":1,"d":"1.0"},1.4,{"v":5,"d":"5.0"},{"v":554,"d":"554.0"}]
["Trator de pneus de 66 cv a 85 cv","unidade",118,{"v":1,"d":"1.0"},{"v":1.46,"d":"1.5"},{"v":6,"d":"6.0"},{"v":172,"d":"172.0"}]
["Acude/represa","unidade",494,{"v":1,"d":"1.0"},{"v":1.84,"d":"1.8"},{"v":22,"d":"22.0"},{"v":907,"d":"907.0"}]
["Adega cantina","unidade",3,{"v":1,"d":"1.0"},{"v":1.67,"d":"1.7"},{"v":3,"d":"3.0"},{"v":5,"d":"5.0"}]
["Alambique","unidade",1,{"v":1,"d":"1.0"},{"v":1,"d":"1.0"},{"v":1,"d":"1.0"},{"v":1,"d":"1.0"}]
["Almoxarifado/oficina","unidade",15,{"v":1,"d":"1.0"},{"v":1.13,"d":"1.1"},{"v":2,"d":"2.0"},{"v":17,"d":"17.0"}]
["Armazem para graos ensacados","sacas",3]
["Balanca para bovinos","unidade",10,{"v":1,"d":"1.0"},1.1,{"v":2,"d":"2.0"},{"v":11,"d":"11.0"}]
["Balanca para veiculos","unidade",1,{"v":1,"d":"1.0"},{"v":1,"d":"1.0"},{"v":1,"d":"1.0"},{"v":1,"d":"1.0"}]
["Barracao para cultivo de cogumelo","unidade",2,{"v":3,"d":"3.0"},3.5,{"v":4,"d":"4.0"},{"v":7,"d":"7.0"}]
["Barracao para granja/avicultura","unidade",20,{"v":1,"d":"1.0"},{"v":3.65,"d":"3.7"},{"v":32,"d":"32.0"},{"v":73,"d":"73.0"}]
["Barracao/galpao/garagem","unidade",686,{"v":1,"d":"1.0"},{"v":1.66,"d":"1.7"},{"v":8,"d":"8.0"},{"v":1137,"d":"1,137.0"}]
["Casa de moradia habitada","unidade",825,{"v":1,"d":"1.0"},{"v":3.49,"d":"3.5"},{"v":30,"d":"30.0"},{"v":2876,"d":"2,876.0"}]
["Casa de moradia total","unidade",846,{"v":1,"d":"1.0"},{"v":4.23,"d":"4.2"},{"v":35,"d":"35.0"},{"v":3580,"d":"3,580.0"}]
["Curral/mangueira","unidade",147,{"v":1,"d":"1.0"},{"v":1.09,"d":"1.1"},{"v":3,"d":"3.0"},{"v":160,"d":"160.0"}]
["Deposito/tulha","unidade",46,{"v":1,"d":"1.0"},1.2,{"v":4,"d":"4.0"},{"v":55,"d":"55.0"}]
["Estabulo","unidade",69,{"v":1,"d":"1.0"},{"v":1.13,"d":"1.1"},{"v":3,"d":"3.0"},{"v":78,"d":"78.0"}]
["Estacao/posto meteorologico","unidade",1,{"v":1,"d":"1.0"},{"v":1,"d":"1.0"},{"v":1,"d":"1.0"},{"v":1,"d":"1.0"}]
["Estufa/plasticultura","m2",267]
["Fabrica de racao","unidade",2,{"v":1,"d":"1.0"},{"v":1,"d":"1.0"},{"v":1,"d":"1.0"},{"v":2,"d":"2.0"}]
["Instalacoes para equinos","unidade",70,{"v":1,"d":"1.0"},{"v":13,"d":"13.0"},{"v":119,"d":"119.0"},{"v":910,"d":"910.0"}]
["Packing house","unidade",15,{"v":1,"d":"1.0"},{"v":1,"d":"1.0"},{"v":1,"d":"1.0"},{"v":15,"d":"15.0"}]
["Pocilga","unidade",12,{"v":1,"d":"1.0"},{"v":1.17,"d":"1.2"},{"v":3,"d":"3.0"},{"v":14,"d":"14.0"}]
["Poco semi-artesiano","unidade",119,{"v":1,"d":"1.0"},1.3,{"v":5,"d":"5.0"},{"v":155,"d":"155.0"}]
["Silo para graos","ton",2]
["Silo para silagem","ton",11]
["Terreiro","m2",4]
["Fonte: Secretaria de Agricultura e Abastecimento, CDRS/IEA, Projeto LUPA."]
[]
["TABELA 48.4 - Outras Estatísticas Agrícolas, Município de Atibaia, Estado de São Paulo, 2016/17."]
["ITEM","Número de UPAs",null,"Percentual"]
["Faz Parte de Associação de Produtores",202,null,{"v":22.56983240223464,"d":"22.6"}]
["Faz Parte de Cooperativa de Produtores",193,null,{"v":21.564245810055866,"d":"21.6"}]
["Faz Parte do Sindicato de Produtores",279,null,{"v":31.1731843575419,"d":"31.2"}]
["Não utiliza assistência técnica ",467,null,{"v":52.17877094972067,"d":"52.2"}]
["Utiliza somente assistência técnica governamental ",140,null,{"v":15.64245810055866,"d":"15.6"}]
["Utiliza somente assistência técnica privada ",175,null,{"v":19.553072625698324,"d":"19.6"}]
["Utiliza assistência técnica tanto governamental quanto privada",113,null,{"v":12.625698324022347,"d":"12.6"}]
["Utiliza Crédito Rural",160,null,{"v":17.877094972067038,"d":"17.9"}]
["Utiliza Seguro Rural",62,null,{"v":6.927374301675978,"d":"6.9"}]
["Utiliza Escrituração Agrícola",499,null,{"v":55.754189944134076,"d":"55.8"}]
["Acessa Internet p/ Fins na Agropecuária",158,null,{"v":17.6536312849162,"d":"17.7"}]
["Utiliza Computador nas Atividades Agropecuárias",162,null,{"v":18.100558659217874,"d":"18.1"}]
["Utiliza Energia Elétrica Para Uso na Atividade Agrícola",836,null,{"v":93.40782122905027,"d":"93.4"}]
["Utiliza Energia Alternativa",31,null,{"v":3.463687150837989,"d":"3.5"}]
["Realiza Análise de Solo, quando necessário",378,null,{"v":42.23463687150838,"d":"42.2"}]
["Realiza Calagem",389,null,{"v":43.463687150837984,"d":"43.5"}]
["Utiliza Práticas de Conservação de Solo, quando necessário",387,null,{"v":43.24022346368715,"d":"43.2"}]
["Faz Adubação Mineral, quando necessário",651,null,{"v":72.73743016759776,"d":"72.7"}]
["Faz Adubação Orgânica, quando necessário",546,null,{"v":61.00558659217877,"d":"61.0"}]
["Faz Adubação Verde, quando necessário",98,null,{"v":10.949720670391061,"d":"10.9"}]
["Utiliza Manejo Integrado de Pragas (MIP)",17,null,{"v":1.899441340782123,"d":"1.9"}]
["Utiliza Hidroponia",8,null,{"v":0.893854748603352,"d":"0.9"}]
["Utiliza Cultivo em Estufa",256,null,{"v":28.603351955307264,"d":"28.6"}]
["Utiliza Mudas Fiscalizadas",305,null,{"v":34.07821229050279,"d":"34.1"}]
["Utiliza Semente Melhorada",254,null,{"v":28.379888268156424,"d":"28.4"}]
["Faz Confinamento de Bovinos","-",null,"-"]
["Utiliza Pastejo Intensivo",30,null,{"v":3.35195530726257,"d":"3.4"}]
["Faz Inseminação Artificial",23,null,{"v":2.569832402234637,"d":"2.6"}]
["Faz Mineralização do Rebanho",292,null,{"v":32.625698324022345,"d":"32.6"}]
["Faz Vermifugação do Rebanho",297,null,{"v":33.184357541899445,"d":"33.2"}]
["Possui Parceiros /Arrendatários na Exploração Animal",57,null,{"v":6.368715083798883,"d":"6.4"}]
["Existência de trabalhadores c/ deficiência na UPA",1,null,{"v":0.111731843575419,"d":"0.1"}]
["Esporte e lazer",48,null,{"v":5.363128491620111,"d":"5.4"}]
["Extração mineral",1,null,{"v":0.111731843575419,"d":"0.1"}]
["Hotel Fazenda, Pousada ou SPA",10,null,{"v":1.1173184357541899,"d":"1.1"}]
["Pesque-pague",8,null,{"v":0.893854748603352,"d":"0.9"}]
["Restaurante ou Lanchonete",18,null,{"v":2.0111731843575416,"d":"2.0"}]
["Transformação artesanal",4,null,{"v":0.446927374301676,"d":"0.4"}]
["Turismo rural ou ecoturismo",9,null,{"v":1.0055865921787708,"d":"1.0"}]
["Outras atividades econômicas rurais",21,null,{"v":2.346368715083799,"d":"2.3"}]
["Agroindústria",4,null,{"v":0.446927374301676,"d":"0.4"}]
["Proprietário sem instrução ou com instrução incompleta",63,null,{"v":7.039106145251397,"d":"7.0"}]
["Proprietário com antigo primário completo",147,null,{"v":16.424581005586592,"d":"16.4"}]
["Proprietário com 1° grau (ou antigo ginasial) completo",192,null,{"v":21.452513966480446,"d":"21.5"}]
["Proprietário com 2° grau (ou antigo colegial) completo",180,null,{"v":20.111731843575416,"d":"20.1"}]
["Proprietário com curso superior completo ",289,null,{"v":32.290502793296085,"d":"32.3"}]
["Pessoa Jurídica",24,null,{"v":2.681564245810056,"d":"2.7"}]
["Proprietário residente na própria UPA ",363,null,{"v":40.55865921787709,"d":"40.6"}]
["Fonte: Secretaria de Agricultura e Abastecimento, CDRS/IEA, Projeto LUPA."]
[]
["TABELA 48.5 - Área Cultivada, Município de Atibaia, Estado de São Paulo, 2016/17."]
["CULTURA","N.DE UPAs","MÍNIMO","MÉDIO","MÁXIMO","TOTAL"]
["Braquiaria",452,0.4,{"v":22.95,"d":"23.0"},{"v":376,"d":"376.0"},{"v":10375.3,"d":"10,375.3"}]
["Eucalipto",155,0.1,{"v":14.82,"d":"14.8"},{"v":200,"d":"200.0"},{"v":2296.8,"d":"2,296.8"}]
["Milho safra",156,0.2,{"v":6.07,"d":"6.1"},{"v":67,"d":"67.0"},947.1]
["Soja",13,2.5,{"v":43.14,"d":"43.1"},{"v":170,"d":"170.0"},560.8]
["Floricultura para corte",169,0.1,{"v":2.78,"d":"2.8"},19.2,469.3]
["Gramas",44,0.5,{"v":9.56,"d":"9.6"},{"v":62,"d":"62.0"},420.8]
["Viveiro de flores e ornamentais",101,0.1,{"v":1.95,"d":"2.0"},{"v":40,"d":"40.0"},196.9]
["Pinus",10,{"v":1,"d":"1.0"},19.5,{"v":113,"d":"113.0"},{"v":195,"d":"195.0"}]
["Aveia",4,{"v":1,"d":"1.0"},{"v":47.25,"d":"47.3"},{"v":170,"d":"170.0"},{"v":189,"d":"189.0"}]
["Floricultura para vaso",65,0.1,{"v":2.49,"d":"2.5"},9.6,162.1]
["Pessego",39,0.2,{"v":3.56,"d":"3.6"},{"v":25,"d":"25.0"},138.9]
["Trigo",2,{"v":40,"d":"40.0"},67.5,{"v":95,"d":"95.0"},{"v":135,"d":"135.0"}]
["Chuchu",31,0.5,{"v":3.92,"d":"3.9"},14.5,121.5]
["Tangerina",32,0.2,{"v":2.59,"d":"2.6"},{"v":18,"d":"18.0"},82.8]
["Milho-silagem",12,2.3,{"v":5.78,"d":"5.8"},{"v":15,"d":"15.0"},69.3]
["Rosa",46,0.2,{"v":1.49,"d":"1.5"},{"v":5,"d":"5.0"},68.5]
["Uva rustica",37,0.1,{"v":1.74,"d":"1.7"},11.2,64.2]
["Coloniao",12,{"v":1,"d":"1.0"},{"v":5.18,"d":"5.2"},{"v":17,"d":"17.0"},62.2]
["Alface",31,0.1,{"v":1.72,"d":"1.7"},{"v":15,"d":"15.0"},53.2]
["Brocolos (ou brocolis)",25,0.1,{"v":2.05,"d":"2.1"},{"v":12,"d":"12.0"},51.3]
["Cana-de-acucar finalidade industria",5,{"v":1,"d":"1.0"},{"v":10.02,"d":"10.0"},18.5,50.1]
["Feijao",22,0.1,{"v":2.21,"d":"2.2"},{"v":29,"d":"29.0"},48.7]
["Feijao-vagem (ou vagem, ou feijao-verde)",12,0.1,{"v":3.92,"d":"3.9"},{"v":12,"d":"12.0"},{"v":47,"d":"47.0"}]
["Batata-inglesa (ou batata, ou batatinha)",1,{"v":45,"d":"45.0"},{"v":45,"d":"45.0"},{"v":45,"d":"45.0"},{"v":45,"d":"45.0"}]
["Abobora (ou jerimum)",33,0.1,{"v":1.32,"d":"1.3"},{"v":10,"d":"10.0"},43.6]
["Mandioca",31,0.1,{"v":1.29,"d":"1.3"},{"v":5,"d":"5.0"},39.9]
["Morango",34,0.1,{"v":1.17,"d":"1.2"},{"v":10,"d":"10.0"},39.8]
["Milho-doce(verde)",29,0.1,{"v":1.32,"d":"1.3"},{"v":6,"d":"6.0"},38.2]
["Capim-napier (ou capim-elefante)",11,0.4,{"v":3.27,"d":"3.3"},7.2,{"v":36,"d":"36.0"}]
["Milho 2 safra",3,2.5,{"v":12,"d":"12.0"},28.5,{"v":36,"d":"36.0"}]
["Cana-de-acucar outras finalidades",18,0.1,{"v":1.66,"d":"1.7"},{"v":7,"d":"7.0"},29.9]
["Outras olericolas",31,0.1,{"v":0.79,"d":"0.8"},3.2,24.6]
["Goiaba",14,0.2,{"v":1.53,"d":"1.5"},{"v":10,"d":"10.0"},21.4]
["Lichia",14,0.1,{"v":1.51,"d":"1.5"},5.5,21.1]
["Couve-flor",11,0.1,{"v":1.85,"d":"1.9"},{"v":6,"d":"6.0"},20.3]
["Gramíneas para fenação (tonelada)",3,{"v":3,"d":"3.0"},{"v":5.07,"d":"5.1"},7.2,15.2]
["Couve (ou couve-crespa)",17,0.1,{"v":0.81,"d":"0.8"},{"v":2,"d":"2.0"},13.7]
["Caqui",13,0.1,{"v":0.97,"d":"1.0"},{"v":4,"d":"4.0"},12.6]
["Pomar domestico",42,0.1,{"v":0.26,"d":"0.3"},{"v":1,"d":"1.0"},10.8]
["Anona (fruta-do-conde, ou pinha, ou atemoia)",6,0.1,{"v":1.73,"d":"1.7"},{"v":4,"d":"4.0"},10.4]
["Limao",2,0.5,{"v":4.75,"d":"4.8"},{"v":9,"d":"9.0"},9.5]
["Tomate envarado",18,0.1,{"v":0.53,"d":"0.5"},{"v":2,"d":"2.0"},9.5]
["Ameixa",9,0.1,0.9,1.5,8.1]
["Araucaria (ou pinheiro-do-parana)",2,2.5,{"v":3.75,"d":"3.8"},{"v":5,"d":"5.0"},7.5]
["Quiabo",14,0.1,{"v":0.53,"d":"0.5"},{"v":2,"d":"2.0"},7.4]
["Repolho",12,0.1,0.6,{"v":3,"d":"3.0"},7.2]
["Outras frutiferas",5,0.1,{"v":1.36,"d":"1.4"},4.5,6.8]
["Triticale",3,1.2,{"v":2.17,"d":"2.2"},{"v":3,"d":"3.0"},6.5]
["Pimentao",11,0.1,{"v":0.56,"d":"0.6"},{"v":1,"d":"1.0"},6.2]
["Horta domestica",21,0.1,{"v":0.22,"d":"0.2"},{"v":1,"d":"1.0"},4.7]
["Noz-peca  (ou peca)",1,4.5,4.5,4.5,4.5]
["Capim-gordura",1,4.3,4.3,4.3,4.3]
["Berinjela",8,0.1,{"v":0.53,"d":"0.5"},1.3,4.2]
["Gengibre",3,0.3,{"v":1.27,"d":"1.3"},2.5,3.8]
["Outras gramineas para pastagem",3,0.5,{"v":1.17,"d":"1.2"},{"v":2,"d":"2.0"},3.5]
["Pupunha",2,0.4,1.7,{"v":3,"d":"3.0"},3.4]
["Nespera (ou ameixa-amarela)",6,0.4,{"v":0.55,"d":"0.6"},{"v":1,"d":"1.0"},3.3]
["Melancia",1,{"v":3,"d":"3.0"},{"v":3,"d":"3.0"},{"v":3,"d":"3.0"},{"v":3,"d":"3.0"}]
["Acelga",2,{"v":1,"d":"1.0"},1.5,{"v":2,"d":"2.0"},{"v":3,"d":"3.0"}]
["Cebolinha",5,0.1,{"v":0.56,"d":"0.6"},{"v":2,"d":"2.0"},2.8]
["Beterraba",3,0.3,{"v":0.87,"d":"0.9"},{"v":2,"d":"2.0"},2.6]
["Pepino",4,0.3,{"v":0.63,"d":"0.6"},{"v":1,"d":"1.0"},2.5]
["Maracuja",7,0.1,{"v":0.34,"d":"0.3"},{"v":1,"d":"1.0"},2.4]
["Laranja Mercado",3,0.2,{"v":0.63,"d":"0.6"},{"v":1,"d":"1.0"},1.9]
["Uva fina",2,0.3,0.9,1.5,1.8]
["Jilo",5,0.1,{"v":0.36,"d":"0.4"},0.5,1.8]
["Viveiro de florestais",2,0.2,{"v":0.85,"d":"0.9"},1.5,1.7]
["Banana",4,0.1,0.4,0.7,1.6]
["Maxixe (ou pepino-das-antilhas)",2,0.5,{"v":0.75,"d":"0.8"},{"v":1,"d":"1.0"},1.5]
["Espinafre (ou espinafre-europeu)",2,0.5,{"v":0.75,"d":"0.8"},{"v":1,"d":"1.0"},1.5]
["Chicoria (ou chicoria-de-folha-crespa)",2,0.5,{"v":0.75,"d":"0.8"},{"v":1,"d":"1.0"},1.5]
["Outros viveiros",1,1.5,1.5,1.5,1.5]
["Figo-da-india",2,0.1,{"v":0.55,"d":"0.6"},{"v":1,"d":"1.0"},1.1]
["Hortela",1,{"v":1,"d":"1.0"},{"v":1,"d":"1.0"},{"v":1,"d":"1.0"},{"v":1,"d":"1.0"}]
["Ervilha",1,{"v":1,"d":"1.0"},{"v":1,"d":"1.0"},{"v":1,"d":"1.0"},{"v":1,"d":"1.0"}]
["Cogumelo",5,0.1,{"v":0.16,"d":"0.2"},0.3,0.8]
["Cenoura",2,0.3,0.4,0.5,0.8]
["Cafe",1,0.5,0.5,0.5,0.5]
["Bambu",1,0.5,0.5,0.5,0.5]
["Nectarina",1,0.5,0.5,0.5,0.5]
["Outras leguminosas para pastagem",1,0.4,0.4,0.4,0.4]
["Abacate",2,0.1,0.2,0.3,0.4]
["Inhame",1,0.3,0.3,0.3,0.3]
["Pimenta",2,0.1,{"v":0.15,"d":"0.2"},0.2,0.3]
["Ervas medicinais e aromaticas",2,0.1,{"v":0.15,"d":"0.2"},0.2,0.3]
["Feijao-de-corda",1,0.2,0.2,0.2,0.2]
["Fonte: Secretaria de Agricultura e Abastecimento, CDRS/IEA, Projeto LUPA."]